1つの市区町村内で完結する鉄道路線 - Statistics

General Stats
  • This quiz has been taken 396 times
    215 since last reset
  • The average score is 19 of 63
Answer Stats
ヒント Answer
所在地
% Correct
大手私鉄 東武大師線 東京都足立区
73%
大手私鉄 京急大師線 神奈川県川崎市川崎区
73%
大手私鉄 京急空港線 東京都大田区
64%
大手私鉄 名鉄空港線 愛知県常滑市
64%
地下鉄 名古屋市交上飯田線 愛知県名古屋市北区
53%
JR JR宮崎空港線 宮崎県宮崎市
52%
大手私鉄 京王競馬場線 東京都府中市
48%
大手私鉄 京王動物園線 東京都日野市
46%
大手私鉄 西武豊島線 東京都練馬区
45%
大手私鉄 京成金町線 東京都葛飾区
45%
大手私鉄 西武西武有楽町線 東京都練馬区
43%
大手私鉄 京成東成田線 千葉県成田市
39%
大手私鉄 阪神武庫川線 兵庫県西宮市
39%
JR JR桜島線 大阪府大阪市此花区
39%
大手私鉄 京王高尾線 東京都八王子市
38%
大手私鉄 西武西武園線 東京都東村山市
37%
大手私鉄 東武鬼怒川線 栃木県日光市
36%
大手私鉄 南海高師浜線 大阪府高石市
35%
大手私鉄 南海加太線 和歌山県和歌山市
35%
準大手私鉄 山陽電鉄網干線 兵庫県姫路市
35%
大手私鉄 南海和歌山港線 和歌山県和歌山市
34%
大手私鉄 阪急甲陽線 兵庫県西宮市
34%
中小私鉄 紀州鉄道線 和歌山県御坊市
34%
モノレール 千葉都市モノレール1号線 千葉県千葉市中央区
34%
大手私鉄 西武狭山線 埼玉県所沢市
33%
大手私鉄 南海多奈川線 大阪府泉南郡岬町
32%
大手私鉄 阪急嵐山線 京都市京都府西京区
32%
中小私鉄 神戸電鉄神戸高速線 兵庫県神戸市兵庫区
32%
JR JR鳴門線 徳島県鳴門市
31%
大手私鉄 近鉄信貴線 大阪府八尾市
29%
新交通システム 山万ユーカリが丘線 千葉県佐倉市
29%
中小私鉄 アルピコ交通上高地線 長野県松本市
29%
大手私鉄 東急東急新横浜線 神奈川県横浜市港北区
27%
大手私鉄 東急東急多摩川線 東京都大田区
27%
大手私鉄 近鉄鈴鹿線 三重県鈴鹿市
27%
第3セクター 仙台空港鉄道仙台空港線 宮城県名取市
27%
中小私鉄 関東鉄道竜ヶ崎線 茨城県龍ケ崎市
27%
大手私鉄 名鉄羽島線 岐阜県羽島市
26%
モノレール ディズニーリゾートライン 千葉県浦安市
25%
新交通システム 神戸新交通六甲アイランド線 兵庫県神戸市東灘区
25%
新交通システム 神戸新交通ポートアイランド線 兵庫県神戸市中央区
25%
中小私鉄 黒部峡谷鉄道本線 富山県黒部市
24%
第3セクター ひたちなか海浜鉄道湊線 茨城県ひたちなか市
23%
中小私鉄 神戸電鉄公園都市線 兵庫県三田市
23%
中小私鉄 福島交通飯坂線 福島県福島市
22%
中小私鉄 上田電鉄別所線 長野県上田市
22%
中小私鉄 銚子電気鉄道線 千葉県銚子市
22%
中小私鉄 水間鉄道水間線 大阪府貝塚市
22%
中小私鉄 伊賀鉄道伊賀線 三重県伊賀市
20%
中小私鉄 一畑電車大社線 島根県出雲市
19%
第3セクター 信楽高原鐵道信楽線 滋賀県甲賀市
18%
中小私鉄 富山地方鉄道不二越線 富山県富山市
18%
第3セクター 由利高原鉄道鳥海山ろく線 秋田県由利本荘市
17%
第3セクター 四日市あすなろう鉄道八王子線 三重県四日市市
17%
中小私鉄 伊予鉄道高浜線 愛媛県松山市
17%
中小私鉄 叡山電鉄鞍馬線 京都府京都市左京区
16%
第3セクター 錦川鉄道錦川清流線 山口県岩国市
15%
中小私鉄 岳南電車岳南鉄道線 静岡県富士市
15%
中小私鉄 叡山電鉄叡山本線 京都府京都市左京区
15%
第3セクター 四日市あすなろう鉄道内部線 三重県四日市市
14%
第3セクター 平成筑豊鉄道門司港レトロ観光線 福岡県北九州市門司区
13%
第3セクター 水島臨海鉄道水島本線 岡山県倉敷市
8%
中小私鉄 伊予鉄道城北線 愛媛県松山市
7%
No matching quizzes found
Score Distribution
Percent of People with Each Score
Percentile by Number Answered
Your Score History
You have not taken this quiz since the last reset